| 000 | 01114nam0a2200313 4500 | ||
|---|---|---|---|
| 001 | RU\NLR\BIBL_A\022713906 | ||
| 005 | 20260201130300.0 | ||
| 010 | _92000 | ||
| 035 | _a(NLR Aleph) 022713906 | ||
| 090 |
_a13543183 _c13543183 |
||
| 100 | _a20260130d1959 m y0rusy50 ca | ||
| 101 | 0 |
_atyv _arus |
|
| 102 | _aRU | ||
| 105 | _ay z 000 y | ||
| 181 | 0 |
_ai _baxxe |
|
| 182 | 0 | _an | |
| 200 | 1 |
_aБажынга аарыг уругну ажаары _fЕ. Э. Цоппи _gПеревод с русского С. Самара |
|
| 203 |
_aТекст _bвизуальный _cнепосредственный |
||
| 210 |
_aКызыл _cТываның ном үндүрер чери _d1959 |
||
| 215 |
_a20, [3] с. _d20 |
||
| 225 | 1 |
_aАныяк иениң библиотечказы _e8-ки лекция |
|
| 541 | 1 |
_aУход за больным ребёнком в семье _zrus |
|
| 686 | 1 | _aР733-5-81 | |
| 700 | 1 |
_aЦоппи _bЕ. Э. _gЕлизавета Эрнестовна _4070 |
|
| 702 | 1 |
_aСамара _bС. _4730 |
|
| 852 |
_aNLR _bОНЛ _jТув./2-447 |
||
| 942 | _cBOOK | ||
| 980 | _aNB | ||